| 000 | 00527nam a2200193Ia 4500 | ||
|---|---|---|---|
| 005 | 20250326144909.0 | ||
| 008 | 250326s9999 xx 000 0 und d | ||
| 020 | _a0-87389-552-5 | ||
| 037 | _aTextbook | ||
| 040 |
_aFMSL _beng _cFMSL |
||
| 041 |
_aeng _2eng |
||
| 084 |
_aX:89Q8 P2 _qFMSL |
||
| 100 |
_aWalters L _9750282 |
||
| 245 | 0 |
_aSix sigma journey from art to science _cWalters L |
|
| 260 |
_aUSA _bUSA, A S Q Quality _c2002 |
||
| 300 | _a204p | ||
| 942 |
_cTB _hX:89Q8 P2 |
||
| 999 |
_c1305515 _d1305515 |
||